[Event "Tom Weston Major op"]
[Site "Cardiff"]
[Date "2017.04.15"]
[Round "4"]
[White "Bonutto, Stephen"]
[Black "Peymani, Leila"]
[Result "1-0"]
[WhiteElo "1474"]
[BlackElo "2086"]
[PlyCount "43"]
[EventDate "2017.04.14"]
[EventType "swiss"]
[EventRounds "7"]
[EventCountry "WLS"]
[SourceTitle "EXT 2019"]
[Source "ChessBase"]
[SourceDate "2018.10.10"]
[SourceVersion "1"]
[SourceVersionDate "2018.10.10"]
[SourceQuality "1"]

1. e4 e5 2. Nf3 Nf6 3. d4 Nxe4 4. Bd3 d5 5. Nxe5 Bd6 6. 0-0 0-0 7. Re1 Nf6 8. c4 dxc4 9. Bxc4 c6 10. Nc3 b5 11. Bb3 Bb7 12. Bg5 Nbd7 13. Qc2 Qc7 14. Nf3 a5 15. a3 h6 16. Bxh6 Ng4 17. Ng5 Bxh2+ 18. Kf1 Ndf6 19. Nce4 Nd5 20. Nd6 Ngf6 21. Bxd5 Qxd6 22. Qg6 1-0

[Event "Tom Weston Major op"]
[Site "Cardiff"]
[Date "2017.04.15"]
[Round "3"]
[White "Jaberansari, Daniel"]
[Black "Bonutto, Stephen"]
[Result "0-1"]
[WhiteElo "1405"]
[BlackElo "1474"]
[PlyCount "94"]
[EventDate "2017.04.14"]
[EventType "swiss"]
[EventRounds "7"]
[EventCountry "WLS"]
[SourceTitle "EXT 2019"]
[Source "ChessBase"]
[SourceDate "2018.10.10"]
[SourceVersion "1"]
[SourceVersionDate "2018.10.10"]
[SourceQuality "1"]

1. e4 e5 2. Nf3 Nc6 3. d4 exd4 4. Nxd4 Bc5 5. Nb3 Bb6 6. Nc3 d6 7. Qe2 Nge7 8. Be3 Be6 9. f4 Qd7 10. h3 0-0-0 11. 0-0-0 f6 12. g4 Rhf8 13. Bg2 Kb8 14. Kb1 Qe8 15. Rhf1 Bg8 16. Rh1 Rd7 17. Rd2 Qf7 18. Rhd1 Ng6 19. Qf2 Rfd8 20. Bxb6 axb6 21. Kc1 Qe8 22. Kb1 Na5 23. Kc1 Nc4 24. Rd3 Na5 25. R3d2 Bc4 26. Kb1 Qf7 27. Kc1 Ne7 28. Qf3 Nec6 29. Kb1 Ba6 30. Bf1 Nc4 31. Bxc4 Bxc4 32. Kc1 Re8 33. Kb1 Rde7 34. Kc1 Na7 35. Re1 Nb5 36. Nxb5 Bxb5 37. Rdd1 Bc6 38. Rd4 g6 39. f5 gxf5 40. gxf5 d5 41. e5 fxe5 42. Rd2 Qf6 43. Rf2 Qh4 44. Kb1 Rf8 45. f6 Ref7 46. Rfe2 Rxf6 47. Qd3 Rf3 0-1

[Event "South Wales New Year op-A"]
[Site "Bridgend"]
[Date "2017.01.06"]
[Round "1"]
[White "Lewis, David Rhys"]
[Black "Bonutto, Stephen"]
[Result "1/2-1/2"]
[WhiteElo "1948"]
[BlackElo "1452"]
[PlyCount "45"]
[EventDate "2017.01.06"]
[EventType "swiss"]
[EventRounds "5"]
[EventCountry "WLS"]
[SourceTitle "EXT 2019"]
[Source "ChessBase"]
[SourceDate "2018.10.10"]
[SourceVersion "1"]
[SourceVersionDate "2018.10.10"]
[SourceQuality "1"]

1. e4 e5 2. Bc4 Nf6 3. d3 d5 4. exd5 Nxd5 5. Nf3 Nc6 6. 0-0 Bg4 7. Re1 Be7 8. h3 Bxf3 9. Qxf3 Nf6 10. Bb5 Qd6 11. Bxc6+ bxc6 12. Rxe5 Qxe5 13. Qxc6+ Kd8 14. Qxa8+ Kd7 15. Qxa7 Qe1+ 16. Kh2 Bd6+ 17. g3 Qxc1 18. Qa4+ Ke7 19. Qd4 Re8 20. Qe3+ Qxe3 21. fxe3 Nd5 22. e4 Nb4 23. Na3 1/2-1/2

[Event "South Wales Autumn Major op"]
[Site "Pencoed"]
[Date "2016.10.09"]
[Round "5"]
[White "Thomas, Roy"]
[Black "Bonutto, Stephen"]
[Result "1-0"]
[WhiteElo "1711"]
[BlackElo "1417"]
[PlyCount "79"]
[EventDate "2016.10.07"]
[EventType "swiss"]
[EventRounds "5"]
[EventCountry "WLS"]
[SourceTitle "EXT 2024"]
[Source "ChessBase"]
[SourceDate "2023.10.10"]
[SourceVersion "1"]
[SourceVersionDate "2023.10.10"]
[SourceQuality "1"]

1. f4 d5 2. e3 Nf6 3. Nf3 e6 4. Be2 Be7 5. 0-0 0-0 6. d3 c5 7. a4 Nc6 8. Qe1 b6 9. Ne5 Bb7 10. Nd2 Qc7 11. Ndf3 Nd7 12. Nxc6 Qxc6 13. c3 Rac8 14. d4 Qc7 15. Qg3 Nf6 16. Bd3 Ne4 17. Qh3 f5 18. Ne5 cxd4 19. exd4 Rf6 20. Be3 Bd6 21. Rfc1 Qe7 22. Qf3 Rff8 23. Qe2 Nf6 24. h3 Ne4 25. Bf2 Bxe5 26. fxe5 Nxf2 27. Qxf2 Bc6 28. b3 a5 29. c4 Bb7 30. c5 Qc7 31. Qc2 bxc5 32. Qxc5 Qd8 33. Qb5 Rf7 34. Rc5 Rxc5 35. dxc5 Qc7 36. Qe8+ Rf8 37. Qxe6+ Kh8 38. Rc1 Qc6 39. Qxc6 Bxc6 40. Bb5 1-0

[Event "South Wales Autumn Major op"]
[Site "Pencoed"]
[Date "2016.10.09"]
[Round "4"]
[White "Williams, Stephen"]
[Black "Bonutto, Stephen"]
[Result "1/2-1/2"]
[WhiteElo "1712"]
[BlackElo "1417"]
[PlyCount "50"]
[EventDate "2016.10.07"]
[EventType "swiss"]
[EventRounds "5"]
[EventCountry "WLS"]
[SourceTitle "EXT 2024"]
[Source "ChessBase"]
[SourceDate "2023.10.10"]
[SourceVersion "1"]
[SourceVersionDate "2023.10.10"]
[SourceQuality "1"]

1. d4 d5 2. c4 c6 3. Nc3 Nf6 4. Bg5 e6 5. e3 Be7 6. cxd5 cxd5 7. Nf3 0-0 8. Bd3 Nc6 9. a3 b6 10. Qc2 h6 11. Bxf6 Bxf6 12. Nxd5 Qxd5 13. Be4 Qa5+ 14. Nd2 Nxd4 15. exd4 Rb8 16. Qc3 Ba6 17. Nf3 Qb5 18. Qd2 Rfd8 19. a4 Qa5 20. b4 Qh5 21. b5 Bb7 22. Bxb7 Rxb7 23. Ra3 Qg4 24. 0-0 Rbd7 25. Rd3 Rd5 1/2-1/2

[Event "South Wales op 13th"]
[Site "Cardiff"]
[Date "2016.07.12"]
[Round "9"]
[White "Bonutto, Stephen"]
[Black "Hurn, Robert AJ"]
[Result "1/2-1/2"]
[WhiteElo "1391"]
[BlackElo "1623"]
[PlyCount "71"]
[EventDate "2016.07.07"]
[EventType "swiss"]
[EventRounds "10"]
[EventCountry "WLS"]
[SourceTitle "EXT 2017"]
[Source "ChessBase"]
[SourceDate "2016.10.25"]
[SourceVersion "1"]
[SourceVersionDate "2016.10.25"]
[SourceQuality "1"]

1. e4 c5 2. Nf3 d6 3. d4 cxd4 4. Nxd4 Nf6 5. Nc3 g6 6. Be3 Bg7 7. f3 0-0 8. Qd2 Nc6 9. Bc4 Bd7 10. 0-0-0 Ne5 11. Bb3 Rc8 12. h4 h5 13. Bh6 Nc4 14. Bxc4 Rxc4 15. Bxg7 Kxg7 16. g4 Qa5 17. Nb3 Qc7 18. gxh5 Nxh5 19. Nd5 Qd8 20. Rdg1 Rh8 21. Ne3 Ra4 22. Nf5+ Bxf5 23. exf5 Rf4 24. Qc3+ Kh7 25. fxg6+ fxg6 26. Nd4 Rf6 27. Rg5 Qb6 28. Rhg1 Nf4 29. Re1 e5 30. Nb3 Qc6 31. Qe3 Rc8 32. Kb1 Qxc2+ 33. Ka1 Nd3 34. Rb1 b6 35. h5 Rf4 36. Rxg6 1/2-1/2

[Event "WLS-chT 1516"]
[Site "Wales"]
[Date "2016.05.08"]
[Round "7.5"]
[White "Bonutto, Stephen"]
[Black "Thomas, Roy"]
[Result "1/2-1/2"]
[WhiteElo "1383"]
[BlackElo "1730"]
[PlyCount "136"]
[EventDate "2015.11.01"]
[EventType "team-tourn"]
[EventRounds "7"]
[EventCountry "WLS"]
[SourceTitle "EXT 2018"]
[Source "ChessBase"]
[SourceDate "2017.10.13"]
[SourceVersion "1"]
[SourceVersionDate "2017.10.13"]
[SourceQuality "1"]

1. e4 c5 2. Nf3 Nc6 3. d4 cxd4 4. Nxd4 e5 5. Nb5 d6 6. Be2 a6 7. N5c3 Be7 8. Nd5 Nf6 9. Nbc3 0-0 10. Be3 b5 11. a3 Rb8 12. 0-0 Nxd5 13. Nxd5 f5 14. exf5 Bxf5 15. Rc1 Kh8 16. Qd2 Be6 17. Bf3 Rf7 18. Rcd1 Bf8 19. Bg5 Qe8 20. Bh5 g6 21. Be2 Nd4 22. Ne3 Rd7 23. Bg4 h6 24. Bh4 g5 25. Bg3 Qg6 26. Bxe6 Qxe6 27. f3 Rc8 28. c3 Nb3 29. Qd5 Nc5 30. Rfe1 Qg6 31. Bf2 Ne6 32. Ng4 Nf4 33. Nxe5 Qg7 34. Qd2 Re7 35. Ng4 Kg8 36. Bd4 Qf7 37. Nf6+ Kh8 38. Nd5+ Kg8 39. Nxe7+ Bxe7 40. Bf2 Rd8 41. Bg3 Kh8 42. Bxf4 gxf4 43. Qd5 Qg7 44. Qd4 Bf6 45. Qxf4 Rg8 46. Re2 Be5 47. Qh4 Rf8 48. Kh1 Rf4 49. Qh3 Qf6 50. Qh5 Rh4 51. Qe8+ Kg7 52. Rxe5 Qxe5 53. Qxe5+ dxe5 54. Rd6 Rf4 55. Rxa6 e4 56. Kg1 exf3 57. gxf3 Rxf3 58. Kg2 Rd3 59. Ra5 Rd2+ 60. Kg3 Rxb2 61. a4 Ra2 62. Rxb5 Rxa4 63. Rb1 Rc4 64. Rc1 Kf6 65. Kf3 Ke5 66. Ke3 Kd5 67. Kd3 Rh4 68. Rc2 Rg4 1/2-1/2

[Event "WLS-ch Minor"]
[Site "Cardiff"]
[Date "2016.03.28"]
[Round "6"]
[White "Cox, John"]
[Black "Bonutto, Stephen"]
[Result "1-0"]
[WhiteElo "1507"]
[BlackElo "1387"]
[PlyCount "93"]
[EventDate "2016.03.25"]
[EventType "swiss"]
[EventRounds "7"]
[EventCountry "WLS"]
[SourceTitle "EXT 2022"]
[Source "ChessBase"]
[SourceDate "2021.10.06"]
[SourceVersion "1"]
[SourceVersionDate "2021.10.06"]
[SourceQuality "1"]

1. e4 e5 2. Nf3 Nc6 3. Bb5 Nf6 4. 0-0 Nxe4 5. d4 Nd6 6. Bxc6 dxc6 7. dxe5 Nf5 8. Qxd8+ Kxd8 9. Rd1+ Ke8 10. Nc3 h6 11. Ne4 Be7 12. b3 Be6 13. c4 c5 14. Bb2 Rd8 15. Rxd8+ Kxd8 16. Rd1+ Kc8 17. h3 b6 18. g4 Nh4 19. Nxh4 Bxh4 20. f3 Bd7 21. e6 fxe6 22. Bxg7 Rh7 23. Bf6 Bxf6 24. Nxf6 Rf7 25. Nxd7 Rxd7 26. Rxd7 Kxd7 27. f4 Ke7 28. Kf2 Kf6 29. h4 e5 30. Ke3 exf4+ 31. Kxf4 Ke6 32. Ke4 c6 33. a4 Kf6 34. Kf4 a6 35. Ke4 Ke6 36. g5 hxg5 37. hxg5 b5 38. a5 b4 39. Kf4 Kf7 40. Kf5 Kg7 41. g6 Kg8 42. Ke6 Kg7 43. Kd6 Kxg6 44. Kxc6 Kf5 45. Kb6 Ke5 46. Kxa6 Kd4 47. Kb6 1-0

[Event "South Wales New Year op"]
[Site "Penarth"]
[Date "2016.01.10"]
[Round "4"]
[White "Bonutto, Stephen"]
[Black "Van Kemenade, Julie"]
[Result "0-1"]
[WhiteElo "1379"]
[BlackElo "1738"]
[PlyCount "42"]
[EventDate "2016.01.08"]
[EventType "swiss"]
[EventRounds "5"]
[EventCountry "WLS"]
[SourceTitle "EXT 2024"]
[Source "ChessBase"]
[SourceDate "2023.10.10"]
[SourceVersion "1"]
[SourceVersionDate "2023.10.10"]
[SourceQuality "1"]

1. e4 d6 2. d4 Nf6 3. Nc3 c6 4. f4 Qa5 5. Bd3 e5 6. Nf3 Bg4 7. dxe5 dxe5 8. f5 Nbd7 9. Bd2 Qc7 10. a3 a5 11. Bc4 Bc5 12. Ba2 Ba7 13. Qe2 b5 14. Be3 Bxf3 15. Qxf3 Bxe3 16. Qxe3 Qa7 17. Qxa7 Rxa7 18. b4 Ke7 19. Ke2 Rha8 20. Kf3 axb4 21. axb4 Ra3 0-1

[Event "South Wales New Year op"]
[Site "Penarth"]
[Date "2016.01.08"]
[Round "1"]
[White "Bonutto, Stephen"]
[Black "Smith, Lynda"]
[Result "0-1"]
[WhiteElo "1379"]
[BlackElo "1860"]
[PlyCount "66"]
[EventDate "2016.01.08"]
[EventType "swiss"]
[EventRounds "5"]
[EventCountry "WLS"]
[SourceTitle "EXT 2024"]
[Source "ChessBase"]
[SourceDate "2023.10.10"]
[SourceVersion "1"]
[SourceVersionDate "2023.10.10"]
[SourceQuality "1"]

1. e4 c5 2. Nf3 g6 3. d4 cxd4 4. Nxd4 Nc6 5. Nc3 Bg7 6. Be3 Nf6 7. Qd2 Ng4 8. 0-0-0 Nxe3 9. Nxc6 Nxf1 10. Nxd8 Nxd2 11. Nxf7 Kxf7 12. Kxd2 d6 13. a3 Be6 14. b3 Bxc3+ 15. Kxc3 Rac8+ 16. Kb2 Rc5 17. b4 Rc4 18. Rhe1 Rhc8 19. Rd2 a5 20. bxa5 R8c5 21. Re3 Rxa5 22. Rb3 b5 23. Rb4 Rxb4+ 24. axb4 Ra4 25. c3 Ra2+ 26. Kc1 Rxd2 27. Kxd2 Kf6 28. f4 g5 29. g3 gxf4 30. gxf4 Bc4 31. Ke3 e5 32. h4 exf4+ 33. Kxf4 h5 0-1